Town planning scheme, Karad no. 1 (final), (Record no. 86025)

MARC details
000 -LEADER
fixed length control field 01023nam a2200217 4500
001 - CONTROL NUMBER
control field sa 68014752
003 - CONTROL NUMBER IDENTIFIER
control field DLC
005 - DATE AND TIME OF LATEST TRANSACTION
control field 20260227112635.0
008 - FIXED-LENGTH DATA ELEMENTS--GENERAL INFORMATION
fixed length control field 700209s1963 ii 00000 eng
010 ## - LIBRARY OF CONGRESS CONTROL NUMBER
LC control number sa 68014752
025 ## - OVERSEAS ACQUISITION NUMBER
Overseas acquisition number PL480:I-E-10226
050 0# - LIBRARY OF CONGRESS CALL NUMBER
Classification number LAW
082 ## - DEWEY DECIMAL CLASSIFICATION NUMBER
Classification number 352/.96/0954792
110 10 - MAIN ENTRY--CORPORATE NAME
Corporate name or jurisdiction name as entry element Maharashtra, India (State).
Subordinate unit Arbitrator, Town Planning Scheme.
245 1# - TITLE STATEMENT
Title Town planning scheme, Karad no. 1 (final),
Remainder of title sanctioned to take effect from 1st January 1963 under government notification, Urban Development and Public Health Dept., no. TPS-1961-M, dated 20th June 1961, published at page 877 in part 1, Poona Division supplement, Maharashtra Govt. gazette, dated 29th June 1961.
260 0# - PUBLICATION, DISTRIBUTION, ETC.
Place of publication, distribution, etc. Bombay,
Name of publisher, distributor, etc. Printed at the Govt. Central Press,
Date of publication, distribution, etc. 1963 [cover 1965]
300 ## - PHYSICAL DESCRIPTION
Extent 143 p.
Dimensions 34 cm.
350 ## - PRICE (NR) (BK AM CF MU VM SE) [OBSOLETE]
Price 54.50 (for copy without maps)
500 ## - GENERAL NOTE
General note At head of title: Govt. of Maharashtra. Bombay town planning act, 1954, no. XXVII of 1955.
650 #0 - SUBJECT ADDED ENTRY--TOPICAL TERM
Topical term or geographic name entry element City planning and redevelopment law
Geographic subdivision Karad.

No items available.

Powered by Koha